000 00749nam a22002415i 4500
001 18759
003 ES-MaACL
005 20230906151921.0
007 t|
008 020218s1993 sp ||||0| spa j
020 _a84-7719-360-6
040 _aM-BN
_bspa
_cM-BN
080 _a946.018(0:82)
080 _a860-94"19"
100 1 _aPrieto Prieto, Alfonso.
_993941
245 1 3 _aEl Reino de León hace mil años más o menos /
_cAlfonso Prieto Prieto.
260 _aLeón :
_bUniversidad de León, Servicio de Publicaciones,
_cD.L. 1993.
300 _a269 p ;
_c24 cm.
504 _aBibliografía: p. 259-269.
651 4 _aLeón (Reino)-
_xHistoria.
_98916
710 2 _aUniversidad de León.
_97200
852 _aES-MaACL
_jL-25334
_bR.129628
999 _c18759
_d18759